Countries Containing The Letter: C - Statistics

General Stats
  • This quiz has been taken 13 times
  • The average score is 34 of 38
Answer Stats
Answer % Correct
Cambodia
100%
Cameroon
100%
Canada
100%
Central African Republic
100%
Comoros
100%
Croatia
100%
Cuba
100%
Cyprus
100%
Czech Republic
100%
Democratic Republic of the Congo
100%
France
100%
Greece
100%
Ivory Coast
100%
Jamaica
100%
Cape Verde
92%
Chad
92%
Chile
92%
China
92%
Colombia
92%
Costa Rica
92%
Dominica
92%
Dominican Republic
92%
Iceland
92%
Mexico
92%
Micronesia
92%
Morocco
92%
Republic of the Congo
92%
Seychelles
92%
Ecuador
83%
Liechtenstein
83%
Madagascar
83%
Nicaragua
83%
Saint Lucia
83%
South Africa
83%
North Macedonia
75%
Monaco
58%
Sao Tome and Principe
58%
Cayman Islands
50%
No matching quizzes found
Score Distribution
Percent of People with Each Score
Percentile by Number Answered
Your Score History
You have not taken this quiz